THE BUSINESS GUIDE TO EFFECTIVE COMPLIANCE AND ETH (Record no. 7958)

MARC details
000 -LEADER
fixed length control field 00331nam a2200133Ia 4500
008 - FIXED-LENGTH DATA ELEMENTS--GENERAL INFORMATION
fixed length control field 260604s9999 xx 000 0 und d
020 ## - INTERNATIONAL STANDARD BOOK NUMBER
International Standard Book Number 9780749482978
082 ## - DEWEY DECIMAL CLASSIFICATION NUMBER
Classification number 174.4 HAY
100 ## - MAIN ENTRY--PERSONAL NAME
Personal name HAYWARD
9 (RLIN) 35196
245 #0 - TITLE STATEMENT
Title THE BUSINESS GUIDE TO EFFECTIVE COMPLIANCE AND ETH
260 ## - PUBLICATION, DISTRIBUTION, ETC.
Name of publisher, distributor, etc. KOG
500 ## - GENERAL NOTE
General note Business Ethics
942 ## - ADDED ENTRY ELEMENTS (KOHA)
Koha item type Book
Holdings
Date last seen Total Checkouts Full call number Barcode Cost, replacement price Price effective from Koha item type Lost status Damaged status Not for loan Withdrawn status Home library Current library Shelving location Date acquired Cost, normal purchase price BOOK NO
06/04/2026   174.4 HAY 003576 4973.72 06/04/2026 Book         Indian Institute of Management Visakhapatnam Indian Institute of Management Visakhapatnam   06/04/2026 4973.72 HAY

Copyright © 2024 Indian Institute of Management Visakhapatnam
Koha v23.05